Las torres de Catedral de Guadalajara : peritaje histórico /
Kaydedildi:
| Yazar: | |
|---|---|
| Materyal Türü: | Kitap |
| Dil: | İspanyolca |
| Baskı/Yayın Bilgisi: |
Guadalajara, México :
Conexión Gráfica,
2001, c2001
|
| Konular: | |
| Etiketler: |
Etiket eklenmemiş, İlk siz ekleyin!
|
MARC
| LEADER | 00000nam^a2200000^a^4500 | ||
|---|---|---|---|
| 001 | 000167872 | ||
| 005 | 20250521000000.0 | ||
| 009 | 20260310101141.135 | ||
| 037 | |a Acervo ITESO - Biblioteca | ||
| 041 | |a ESP | ||
| 082 | |a 720. 97235203 |b NAV | ||
| 100 | |a Navarro Velasco, Carlos |e (autor) | ||
| 245 | 1 | 4 | |a Las torres de Catedral de Guadalajara : |b peritaje histórico / |c C. Navarro Velasco. |
| 264 | 4 | |a Guadalajara, México : |b Conexión Gráfica, |c 2001, c2001 | |
| 300 | |a 209 p. | ||
| 336 | |a texto |b txt |2 rdacontenido | ||
| 337 | |a sin mediación |b n |2 rdamedio | ||
| 338 | |a volumen |b nc |2 rdasoporte | ||
| 649 | |a XX | ||
| 650 | |a Torres | ||
| 650 | |a Catedrales - |z Guadalajara, Jalisco | ||
| 650 | |a Catedrales - |z México | ||
| 650 | |a Templos Cristianos - |z Guadalajara, Jalisco | ||
| 650 | |a Templos Cristianos - |z México | ||
| 650 | |a Templos - |z Guadalajara, Jalisco | ||
| 650 | |a Templos - |z México | ||
| 650 | |a Arquitectura Virreinal - |z Guadalajara, Jalisco - |x Historia y Crítica | ||
| 650 | |a Arquitectura Virreinal - |x Historia y Crítica | ||
| 650 | |a Arquitectura Religiosa - |z Guadalajara, Jalisco - |x Historia y Crítica | ||
| 650 | |a Arquitectura Religiosa - |z México - |x Historia y Crítica | ||
| 650 | |a Arquitectura Religiosa - |x Historia y Crítica | ||
| 650 | |a Arquitectura y Sociedad - |z Guadalajara, Jalisco - |x Historia y Crítica | ||
| 650 | |a Arquitectura y Sociedad - |z México - |x Historia y Crítica | ||
| 650 | |a Arquitectura Jalisciense - |x Historia y Crítica | ||
| 650 | |a Arquitectura Mexicana - |x Historia y Crítica | ||
| 650 | |a Arte Virreinal - |z Guadalajara, Jalisco - |x Historia y Crítica | ||
| 650 | |a Arte Virreinal - |x Historia y Crítica | ||
| 650 | |a Arte y Simbolismo Cristianos - |z Guadalajara, Jalisco - |x Historia y Crítica | ||
| 650 | |a Arte y Simbolismo Cristianos - |z México - |x Historia y Crítica | ||
| 650 | |a Arte Religioso - |z Guadalajara, Jalisco - |x Historia y Crítica | ||
| 650 | |a Arte Religioso - |z México - |x Historia y Crítica | ||
| 650 | |a Arte Religioso - |x Historia y Crítica | ||
| 650 | |a Arte y Sociedad - |z Guadalajara, Jalisco - |x Historia y Crítica | ||
| 650 | |a Arte y Sociedad - |z México - |x Historia y Crítica | ||
| 650 | |a Arte Jalisciense - |x Historia y Crítica | ||
| 650 | |a Arte Mexicano - |x Historia y Crítica | ||
| 650 | |a Identidad Cultural - |z Guadalajara, Jalisco | ||
| 650 | |a Identidad Cultural - |z México | ||
| 650 | |a Iglesia Católica en Guadalajara, Jalisco - |x Historia | ||
| 650 | |a Iglesia Católica en Jalisco - |x Historia | ||
| 650 | |a Iglesia Católica en México - |x Historia | ||
| 650 | |a Guadalajara, Jalisco - |x Historia | ||
| 650 | |a Jalisco - |x Historia | ||
| 650 | |a México - |x Historia | ||
| 910 | |a Fondo General | ||
| 920 | |a Impresos - Libros | ||
| 930 | |a Colección General | ||
| 905 | |a 101 | ||
| 901 | |a 0500104181 |b IT1 |c ACC |u 20250521 | ||
| 901 | |a 0500156958 |b IT1 |c ACC |u 20250521 | ||
| 902 | |a https://opac.biblio.iteso.mx/vufind/Record/000167872 | ||